000 01320cam a2200337 i 4500
001 BK0009712369
003 OSt
005 20251205015458.0
008 111018r20112009nyu 000 1 eng d
010 _abl2011029993
020 _a1439159416 : PAP
_c$5.99
037 _bPocket Books, C/O Simon & Schuster Mass Market 1230 Ave of the Americas 9th Fl, New York, NY, USA, 10020
_nSAN 200-2442
040 _aNjBwBT
_cNjBwBT
_dTLC
_erda
100 1 _aPearlman, Ann,
_eauthor.
_0(DLC)no 00084265.
245 1 4 _aThe Christmas cookie club /
_cAnn Pearlman.
250 _aFirst Pocket Books paperback edition.
264 1 _aNew York :
_bPocket Books,
_c2011.
264 4 _c℗♭2009.
300 _a340 pages ;
_c18 cm.
336 _atext
_btxt
_2rdacontent.
337 _aunmediated
_bn
_2rdamedia.
338 _avolume
_bnc
_2rdacarrier.
380 _aBook
_2tlcgt.
380 _aFiction
_2marcgt.
385 _aGeneral
_2tlctarget.
500 _aOriginally published: New York : Atria Books, 2009.
520 _aOn a snowy December night, twelve women meet for a cookie exchange, where they tell stories of the cookies they baked, tales that are emblematic of the year that has just passed.
650 0 _aFemale friendship
_vFiction.
_0(DLC)sh2008103512.
655 7 _aChristmas fiction.
_2tlcgt.
942 _2ddc
_cBK
999 _c31349
_d31347